| 000 | 00841nam0a22002651 4500 | ||
|---|---|---|---|
| 001 | v19\rc\1637233 | ||
| 005 | 20260407121927.0 | ||
| 035 | _a(NLR Aleph) 004751122 | ||
| 090 |
_a4537842 _c4537842 |
||
| 100 | _a20061002d1900 |||y0rusy50 ca | ||
| 101 | 0 | _arus | |
| 102 | _aRU | ||
| 105 | _aa z ||||| | ||
| 200 | 1 | _aНаставление для обучения гимнастике во флоте | |
| 210 |
_aСанкт-Петербург _cтип. Мор. м-ва _d1900 |
||
| 215 |
_aIII, 120 с. _cил. _d23 |
||
| 740 | 1 |
_aРоссия _tВоенные уставы и наставления _3RU\NLR\AUTH\889957977 _9412039 |
|
| 801 | 0 |
_aRU _bNLR _gpsbo |
|
| 801 | 0 |
_aRU _bRuMoRGB _2psbo |
|
| 801 | 1 |
_aRU _bProSoft-M _2rusmarc |
|
| 852 |
_aNLR _j20.74.2.37 |
||
| 899 |
_aRuMoRGB _jO 16/76 |
||
| 899 | _aБАН | ||
| 942 | _cBOOK | ||
| 980 | _aNB | ||